Statystyki dla Czy znasz odpowiedzi na te ciekawostki?

Kliknij tutaj aby rozwiązać quiz!

Ogólne statystyki

  • Ten quiz został rozwiązany 415 razy
  • Średni wynik to 3 z 15

Statystyki odpowiedzi

CiekawostkaO czym mowa?% Poprawnych
W jakim kraju krowy mają więcej praw od kobiet?Indie
72%
Jaka część ciała nie rośnie z wiekiem?Oczy
60%
Czym zakończy się wypicie jednorazowo stu dwudziestu filiżanek kawy?Śmiercią
60%
Jakie zwierzę jest tak mądre iż rozpoznaje się w lustrze? (nie wliczając człowieka)Delfin
31%
W jakim kraju jest więcej zwierząt niż dzieci?Japonia
25%
W jakie święto jest najwięcej odnotowanych rozmów telefonicznych?Dzień matki
19%
Jaki naród wymyślił makaron?Chińczycy
17%
Co znajduję się pomiędzy Marsem a Jowiszem?Pas Planetoid
13%
W którym państwie stosunek mężczyzn do kobiet wynosi 219 mężczyzn na 100 kobiet?Arabia Saudyjska
11%
Najbardziej szukanym zawodem w Japonii jest?Programista
6%
Ile procent populacji na Ziemii ma zielone oczy?Dwa
5%
Jakie były ostatnie słowa malarza Van Goga?Smutek będzie trwał wiecznie
3%
Ryk tygrysa słyszany jest maksymalnie z ilu kilometrów?Czterdziestu
1%
Ile procent sahary pokryte jest piatkiem w procentach?Pietnaście
1%
Ile dni u psa trwa ciąża?Sześćdziesiąt trzy
1%

Rozkład punktacji

Percentyl według liczby udzielonych odpowiedzi

Procent ludzi z każdym wynikiem

Twoja historia wyników

Nie rozwiązałeś tego quizu